000 01669nam a2200241 a 4500
005 20180803165400.0
008 140129b2002 ck ||||| |||| 00| 0 spa d
041 _aspa
044 _ack
090 _aIAVH
_b01053
245 _aCaracterización biológica Parque Nacional Natural Cueva de Los Guácharos, municipio de Acevedo, departamento del Huila
260 _aBogotá
_bInstituto Alexander von Humboldt
_c2002
300 _a28 p.
520 _aEl parque nacionla natural Cueva de Los Guácharo, fue creado en 1960 como la primera área de conservación declarado en el país, gracias a sus excepcionales componentes biológicos y geográficos. Su principal característica es la presencia de grandes sistemas de cavernas, producto de la disolución de formaciones calizas asociadas a relictos de robledales, vegetación de subpáramos y poblaciones de especies emblemáticas como el guácharo. El grupo de exploración y monitoreo ambienta GEMA del Instituto Humboldt realizó, entre el 25 de noviembre y el 8 de diciembre de 2001, una pequeña caracterización de algunos sectores del parque en el marco del primer curso de capacitación en técnicas de inventarios de biodiversidad, dirigido a investigaciones de distintas entidades, entre ellas CAR, UAESPNN y organizaciones privadas. Se muestrearon los grupos biológicos de aves, plantas e insectos
650 _aCaracterización biológica
_92833
650 _aPlantas
_992294
650 _aInsectos
_93535
650 _aEscarabajos
_992342
650 _aInventario
_91299
662 _aColombia
_cParque Nacional Natural Cueva de Los Guácharos
_bHuila
942 _cCD-ROM
_02
_2z
945 _d2008-09-03
999 _c6532
_d6532